Statistics for Countries that border India

Click here to take the quiz!

General Stats

  • This quiz has been taken 19 times
  • The average score is 6 of 6

Answer Stats

Border length (km)Border length (miles)Answer% Correct
578 km359 milesBhutan
100%
3488 km2167 milesChina
100%
1752 km1089 milesNepal
100%
3310 km2060 milesPakistan
100%
4096 km2545 milesBangladesh
94%
1643 km1021 milesMyanmar
81%

Score Distribution

Percentile by Number Answered

Percent of People with Each Score

Your Score History

You have not taken this quiz